Electrotecnia: curso elemental
Salvato in:
| Autori principali: | , , , |
|---|---|
| Natura: | Libro |
| Lingua: | spagnolo |
| Pubblicazione: |
Barcelona
Reverté
1991
|
| Soggetti: | |
| Tags: |
Aggiungi Tag
Nessun Tag, puoi essere il primo ad aggiungerne!!
|
MARC
| LEADER | 00000cam a2200000 a 4500 | ||
|---|---|---|---|
| 001 | UCF0238 | ||
| 003 | CL-VaPUC | ||
| 008 | 120510e19910000SP |||||||||||||||||spa|d | ||
| 020 | |a 8229134298 | ||
| 082 | 0 | 4 | |a 621.3 |b HUB |2 21 |
| 100 | |a Hübscher, Heinrich |e author |9 562099 | ||
| 700 | 0 | |a Klaue, Jürgen |e author |9 562100 | |
| 700 | 0 | |a Pflüger, Werner |e author |9 562101 | |
| 700 | 0 | |a Appelt, Siegfried |e author |9 562102 | |
| 245 | 1 | 0 | |a Electrotecnia: curso elemental |
| 300 | |a 296 p | ||
| 942 | |c BK | ||
| 945 | |d 20120510 00:00:00 |a cmena | ||
| 260 | |a Barcelona |b Reverté |c 1991 | ||
| 650 | 0 | |a Electricidad |9 260222 | |
| 650 | 0 | |a Electromagnetismo |9 260123 | |
| 650 | 0 | |a Circuitos eléctricos |9 260262 | |
| 650 | 7 | |a RESISTENCIAS ELECTRICAS |2 CL-VaPUC |9 263527 | |
| 650 | 0 | |a Transformadores |9 345471 | |
| 650 | 7 | |a CORRIENTES ALTERNAS |2 CL-VaPUC |9 263344 | |
| 650 | 7 | |a CONVERTIDORES ELECTRICOS |2 CL-VaPUC |9 345464 | |
| 583 | |a last modification |c 20120928 04:31:14 |k Rodrigo Vera | ||
| 999 | |c 347685 |d 347683 | ||